| 000 | 00855nam a2200289 a 4500 | ||
|---|---|---|---|
| 001 | 52048 | ||
| 003 | BD-RjUL | ||
| 005 | 20211209075739.0 | ||
| 008 | 160905s1975 enk b 001 0 eng | ||
| 020 | _a0710081685 | ||
| 020 | _a0710081693 | ||
| 035 | _a(BD-RjUL)52168 | ||
| 040 |
_aDLC _cDLC _dm.c _dBD-RjUL _beng |
||
| 041 | _aeng | ||
| 082 |
_223 _a335.412 _bHIP 1975 |
||
| 100 | 1 |
_aHindess, Barry. _9155658 |
|
| 245 | 1 | 0 |
_aPre-capitalist modes of production / _cBarry Hindess and Paul Q. Hirst |
| 260 |
_aLondon : _bRoutledge & Kegan Paul, _cc1975 |
||
| 300 |
_avi, 354 p. ; _c23 cm. |
||
| 500 | _aIncludes index | ||
| 504 | _aBibliography: p. [342]-347 | ||
| 650 | 0 |
_aMarxian economics _9155659 |
|
| 650 | 0 |
_aProduction (Economic theory) _9134498 |
|
| 650 | 0 |
_aEconomic history _9155660 |
|
| 700 | 1 |
_aHirst, Paul Q. _9155661 |
|
| 942 |
_2ddc _cBK |
||
| 999 |
_c52048 _d52048 |
||